Fifa 21 80+ La Liga players - Statistics

General Stats
  • This quiz has been taken 161 times
  • The average score is 53 of 111
Answer Stats
Rating Nationality Club Answer % Correct
93 Argentina Barcelona Messi
100%
91 Slovenia Atletico Oblak
98%
90 Germany Barcelona Ter Stegen
98%
89 France Real Madrid Benzema
96%
87 Croatia Real Madrid Modric
95%
89 Brazil Real Madrid Casemiro
94%
88 Germany Real Madrid Kroos
94%
89 Spain Real Madrid Ramos
94%
89 Belgium Real Madrid Courtois
93%
88 Belgium Real Madrid Hazard
93%
87 Uruguay Atletico Luis Suarez
93%
80 Uruguay Getafe Damian Suarez
91%
86 Spain Real Madrid Carvajal
88%
87 France Barcelona Griezmann
88%
86 Spain Barcelona Pique
85%
87 Spain Barcelona Busquets
84%
86 Spain Barcelona Jordi Alba
83%
85 Netherlands Barcelona De Jong
82%
80 Netherlands Sevilla Luuk De Jong
82%
86 France Real Madrid Varane
81%
85 Bosnia Barcelona Pjanic
79%
83 Brazil Real Madrid Marcelo
78%
84 Spain Celta de Vigo Iago Aspas
74%
86 Spain Real Sociedad David Silva
73%
85 Spain Atletico Koke
73%
85 France Barcelona Lenglet
72%
83 France Barcelona Dembele
71%
85 Spain Villarreal Parejo
71%
83 France Barcelona Umtiti
71%
84 Spain Real Madrid Isco
69%
84 Uruguay Atletico Gimenez
68%
83 Uruguay Real Madrid Valverde
65%
83 France Real Madrid Mendy
64%
82 Spain Real Madrid Asensio
63%
84 Spain Real Sociedad Oyarzabal
63%
84 Spain Atletico Saul
63%
83 England Atletico Trippier
63%
80 Brazil Real Madrid Vinicius
63%
83 Norway Real Madrid Odegaard
60%
82 Croatia Sevilla Rakitic
60%
80 Spain Real Madrid Nacho
58%
84 Spain Sevilla Jesús Navas
57%
84 Brazil Atletico Felipe
54%
82 Belgium Atletico Carrasco
52%
80 Brazil Real Madrid Militao
52%
81 Montenegro Atletico Savic
52%
83 Spain Villarreal Gerard Moreno
51%
82 Argentina Sevilla Ocampos
51%
83 Brazil Sevilla Diego Carlos
50%
81 Spain Athletic Iñaki Williams
48%
83 Spain Athletic Muniain
48%
83 Spain Barcelona Sergi Roberto
46%
82 Argentina Atletico Correa
45%
81 Portugal Atletico Joao Felix
45%
83 Argentina Sevilla Acuña
43%
82 Spain Atletico Llorente
43%
81 Brazil Atletico Lodi
43%
83 Brazil Barcelona Coutinho
42%
80 Spain Real Madrid Lucas Vazquez
42%
80 Serbia Real Madrid Jovic
41%
80 Uruguay Valencia Maxi Gomez
39%
81 Mexico Atletico Hector Herrera
38%
82 Togo Getafe Djene
37%
83 Brazil Sevilla Fernando
37%
81 Francia Atletico Lemar
37%
80 Spain Athletic Unai Simon
37%
82 Brazil Barcelona Neto
35%
82 Czechia Sevilla Vaclik
35%
83 Spain Levante Aitor
34%
81 Netherlands Valencia Cillessen
34%
80 Spain Real Sociedad Merino
34%
82 Spain Betis Canales
33%
80 Spain Athletic Iñigo Martinez
33%
80 Denmark Valencia Wass
33%
83 Spain Valencia Gayá
32%
80 Brazil Real Sociedad Willian Jose
31%
80 Spain Atletico Diego Costa
29%
82 Spain Villarreal Albiol
28%
82 Spain Villarreal Asenjo
28%
81 Portugal Valencia Guedes
28%
83 Spain Real Sociedad Portu
27%
82 Spain Alaves Pacheco
26%
80 France Villarreal Coquelin
25%
82 Brazil Valencia Gabriel
25%
80 Spain Atletico Mario Hermoso
25%
80 Portugal Betis Carvalho
23%
80 Spain Athletic Raul Garcia
23%
82 Argentina Villarreal Rulli
23%
80 Croatia Atletico Vrsaljko
23%
81 Spain Villarreal Alcacer
22%
82 Spain Getafe David Soria
22%
81 Serbia Eibar Dmitrovic
22%
80 Spain Real Sociedad Illarramendi
22%
80 Belgium Real Sociedad Januzaj
21%
81 Spain Sevilla Suso
20%
83 Spain Athletic Yuri Berchiche
20%
81 Colombia Atletico Santiago Arias
19%
80 Spain Real Sociedad Remiro
18%
80 Spain Athletic Yeray
14%
80 Uruguay Getafe Arambarri
13%
80 Spain Betis Bartra
13%
80 Spain Levante Campaña
13%
81 Spain Getafe Cucurella
12%
80 Spain Villarreal Mario Gaspar
12%
81 Spain Valladolid Masip
12%
81 Spain Athletic Capa
10%
80 Spain Betis Joaquin
10%
80 Spain Real Sociedad Monreal
10%
80 Spain Sevilla Escudero
6%
80 Spain Villarreal Ruben Peña
6%
83 France Betis Fejir
1%
No matching quizzes found
Score Distribution
Percent of People with Each Score
Percentile by Number Answered
Your Score History
You have not taken this quiz